Teoría y práctica de la educación especial: educación intelectual del niño trisómico - 21 mongólico

Պահպանված է:
Մատենագիտական մանրամասներ
Հիմնական հեղինակ: López Melero, Miguel (autor)
Ձևաչափ: Գիրք
Լեզու:իսպաներեն
Հրապարակվել է: Madrid Narcea 1983
Շարք:Educación hoy
Խորագրեր:
Ցուցիչներ: Ավելացրեք ցուցիչ
Չկան պիտակներ, Եղեք առաջինը, ով նշում է այս գրառումը!

MARC

LEADER 00000nam a2200000 a 4500
001 UCW4760
003 CL-VaPUC
008 900802e19830000SP |||||||||||||||||spa|d
082 0 4 |a 371.9  |b LOP  |2 21 
100 |a López Melero, Miguel  |e autor  |9 482103 
245 1 0 |a Teoría y práctica de la educación especial: educación intelectual del niño trisómico - 21 mongólico 
300 |a 496 p 
942 |c BK 
945 |d 19900802 00:00:00 
260 |a Madrid  |b Narcea  |c 1983 
650 0 |a Educación especial  |9 307486 
650 0 |a Síndrome de Down  |9 309553 
583 |a last modification  |c 19900802 00:00:00  |k Rodrigo Vera 
490 0 |a Educación hoy 
999 |c 218385  |d 218383 
952 |0 0  |1 0  |4 0  |6 371_900000000000000_LOP_1983  |7 0  |8 P  |9 207876  |a BIBEDU  |b BIBEDU  |c BIBEDU_PB  |d 2019-11-15  |i 2757125  |o 371.9 LOP 1983  |p 2757125  |r 2024-01-25  |w 2019-11-15  |y BK  |k EDU